Características político-sociales de Guatemala
Determina una serie de características socio - económicas y políticas de Guatemala, enmarcados dentro de la amenaza imperialista en Centro América y El Caribe - Interpreta la posición actual del imperialismo norteamericano y establece la diferencia con el de los países europeos y el Japón. Muestra l...
Guardado en:
| Institution som forfatter: | |
|---|---|
| Format: | Texto |
| Udgivet: |
Guatemala:
FAR
|
| Tags: |
Tilføj Tag
Ingen Tags, Vær først til at tagge denne postø!
|
MARC
| LEADER | 00000 a a2200000 04500 | ||
|---|---|---|---|
| 001 | 20574 | ||
| 003 | |||
| 040 | |||
| 090 | |a 086600 | ||
| 110 | |a Fuerzas Armadas Rebeldes | ||
| 245 | |a Características político-sociales de Guatemala | ||
| 260 | |a Guatemala: |b FAR | ||
| 300 | |a 33 p. | ||
| 520 | |a Determina una serie de características socio - económicas y políticas de Guatemala, enmarcados dentro de la amenaza imperialista en Centro América y El Caribe - Interpreta la posición actual del imperialismo norteamericano y establece la diferencia con el de los países europeos y el Japón. Muestra los problemas económicos y sociales que tiene el pueblo guatemalteco y los contrasta con las condiciones de vida del pueblo cubano. Se refiere a la salud popular, a la alimentación, al vestido y a la educación. Fija los objetivos de lucha política de las Fuerzas Armadas Rebeldes (FAR) y da lineamientos sobre la nueva sociedad que debe construirse en Guatemala. Señala que las FAR surgieron en 1963 para impulsar la lucha armada como única vía para la toma del poder | ||
| 999 | |c 1534 |d 1534 | ||
